000 00658nam a2200229Ia 4500
003 OSt
005 20220923230410.0
006 a|||||r|||| 00| 0
007 ta
008 220922b |||||||| |||| 00| 0 pan d
024 _a281,290
037 _cTextual
040 _aARTS
_cARTS
_bpan
041 _2pan
_apan
082 _aO153,3M97:g, L8
100 _aਗਗਨ ਇੰਦਰ ਕੌਰ
245 0 _aਨਾਨਕ ਸਿੰਘ ਦੀ ਕਹਾਣੀ ਕਥਾ
260 _c1978
650 _aਪੰਜਾਬੀ ਸਾਹਿਤ
942 _hO153,3M97:g, L8
_cTEXL
_2CC
999 _c384575
_d384575